Word Morph 1 - Statistics

General Stats
  • This quiz has been taken 1,394 times
  • The average score is 15 of 34
Answer Stats
Question Action Answer % Correct
Clear high-pitched sound or a referee's tool (7 letters) W{histle}
97%
Gradually cut off small pieces Replace 1 Whittle
77%
Saliva ejected from the mouth Replace 2 Spittle
75%
Malice Remove 2 Spite
72%
Choose someone for public office Remove 2 Elect
69%
Short period of rest Add 2 Respite
64%
Cast out Replace 1 Eject
62%
High regard Replace 3 Respect
60%
Stop something happening Add 2 Prevent
59%
Occurrence at a given place and time Replace 2 Event
58%
Shield from danger Replace 3 Protect
55%
Essential constituent of human diet Replace 2 Protein
55%
Lose blood Replace 2 Bleed
54%
Cast light from an object Replace 2 Reflect
53%
Rain containing ice Swap 2 Sleet
53%
Structural metal alloy Remove 2 Steel
50%
Pointed tower of a church Add 3 Steeple
46%
Imperial measurement of volume Remove 3 Pint
39%
Stage in a process Remove 2 Step
38%
Used peroxide to make paler Add 3 Bleached
37%
Unpleasant smell Replace 2 Stench
36%
Indicator, or a dog breed Shuffle Pointer
34%
Draw Add 1 Sketch
34%
Maker of arrows Replace 3 Fletcher
33%
Collect or bring back Remove 3 Fetch
32%
Hardy's companion Replace 3 Laurel
31%
Two masted sailing boat Replace 1 Ketch
29%
Canaletto, for instance Replace 1 Painter
28%
Arch of the foot Shuffle Instep
25%
Careful and sensible Replace 2 Prudent
25%
Attraction Shuffle Allure
21%
Set in motion Replace 3 Launch
12%
Heavy rain Replace 3 Deluge
11%
Early stringed musical instrument Add 2 Spinet
10%
No matching quizzes found
Score Distribution
Percent of People with Each Score
Percentile by Number Answered
Your Score History
You have not taken this quiz